| 000 | 00870nam a2200205 i 4500 | ||
|---|---|---|---|
| 001 | 70054 | ||
| 003 | ES-MaACL | ||
| 005 | 20230906170714.0 | ||
| 007 | t| | ||
| 008 | 040715s1909 sp ||||1| spa d | ||
| 100 | 1 |
_aGarcía del Moral, José. _954520 |
|
| 245 | 1 | 0 |
_aDispensarios y sanatorios antituberculosos : _bconferencia leída en el Instituto Carbajal de Santander en la noche del 5 de marzo de 1905 / _cJ. García del Moral. |
| 250 | _a2ª ed. de 5.500 ejemplares. | ||
| 260 |
_aSantander : _b[s.n.], _c1909 ( _fImp., Lit. y Enc. Vda. de F. Fons) |
||
| 300 |
_a22 p. : _bil. ; _c17 cm. |
||
| 530 | _aDisponible en formato digital. | ||
| 650 | 4 |
_aHospitales para tuberculosos. _9170344 |
|
| 852 | 4 |
_aES-MaACL _jT-1213-F-4 |
|
| 856 | 4 |
_uhttp://ciconia.gobex.es/biblioteca/es/consulta/registro.cmd?id=4219 _zBiblioteca Digital del Patrimonio Cultural de Extremadura |
|
| 999 |
_c70054 _d70054 |
||